Statistics for Брза математика - удвостручите тај број!

Click here to take the quiz!

General Stats

  • This quiz has been taken 152 times
  • The average score is 10 of 20

Answer Stats

бројдупло% Correct
510
100%
50100
100%
5051010
100%
5101020
100%
52104
100%
5221044
100%
5331066
100%
5391078
100%
55110
100%
5561112
100%
5571114
100%
5611122
100%
5631126
100%
5641128
100%
57114
100%
5771154
100%
5821164
100%
612
100%
60120
100%
6001200
100%
6021204
100%
6051210
100%
61122
100%
6101220
100%
6121224
100%
6141228
100%
6201240
100%
6221244
100%
6321264
100%
6391278
100%
6401280
100%
6411282
100%
6431286
100%
65130
100%
6551310
100%
6631326
100%
6691338
100%
6781356
100%
6861372
100%
6921384
100%
6941388
100%
6961392
100%
6991398
100%
714
100%
70140
100%
7021404
100%
7071414
100%
7081416
100%
71142
100%
7101420
100%
7141428
100%
7201440
100%
7211442
100%
7511502
100%
76152
100%
7601520
100%
7611522
100%
77154
100%
7861572
100%
7971594
100%
7991598
100%
816
100%
8001600
100%
8021604
100%
8081616
100%
8121624
100%
8131626
100%
8261652
100%
8281656
100%
8381676
100%
84168
100%
8401680
100%
8491698
100%
8501700
100%
86172
100%
8681736
100%
87174
100%
8711742
100%
8741748
100%
8751750
100%
8771754
100%
88176
100%
8801760
100%
8851770
100%
8881776
100%
89178
100%
8921784
100%
918
100%
90180
100%
9001800
100%
9021804
100%
9051810
100%
9061812
100%
9071814
100%
9101820
100%
9251850
100%
94188
100%
9441888
100%
95190
100%
9721944
100%
1020
100%
100200
100%
102204
100%
103206
100%
110220
100%
112224
100%
114228
100%
116232
100%
117234
100%
118236
100%
1224
100%
121242
100%
122244
100%
127254
100%
128256
100%
1326
100%
130260
100%
133266
100%
134268
100%
1428
100%
140280
100%
143286
100%
148296
100%
154308
100%
156312
100%
157314
100%
160320
100%
161322
100%
162324
100%
164328
100%
166332
100%
1734
100%
170340
100%
174348
100%
180360
100%
182364
100%
188376
100%
1938
100%
191382
100%
192384
100%
197394
100%
200400
100%
202404
100%
204408
100%
205410
100%
207414
100%
2142
100%
214428
100%
215430
100%
217434
100%
218436
100%
219438
100%
2244
100%
220440
100%
221442
100%
223446
100%
224448
100%
225450
100%
227454
100%
2346
100%
230460
100%
231462
100%
234468
100%
2448
100%
244488
100%
248496
100%
250500
100%
252504
100%
261522
100%
265530
100%
267534
100%
271542
100%
274548
100%
2856
100%
282564
100%
285570
100%
292584
100%
3060
100%
301602
100%
302604
100%
305610
100%
306612
100%
307614
100%
313626
100%
320640
100%
321642
100%
329658
100%
331662
100%
332664
100%
336672
100%
342684
100%
350700
100%
351702
100%
353706
100%
357714
100%
359718
100%
3672
100%
365730
100%
366732
100%
3774
100%
3876
100%
389778
100%
4080
100%
402804
100%
403806
100%
405810
100%
412824
100%
4284
100%
421842
100%
424848
100%
427854
100%
429858
100%
430860
100%
434868
100%
435870
100%
4488
100%
442884
100%
444888
100%
447894
100%
453906
100%
456912
100%
461922
100%
464928
100%
468936
100%
472944
100%
483966
100%
489978
100%
490980
100%
491982
100%
495990
100%
1530
86%
5241048
83%
5961192
83%
259518
83%
341682
83%
5261052
80%
5501100
80%
5511102
80%
6091218
80%
6271254
80%
8511702
80%
8521704
80%
120240
80%
139278
80%
4590
80%
5201040
75%
6611322
75%
7011402
75%
7311462
75%
7521504
75%
7981596
75%
8061612
75%
8151630
75%
8231646
75%
9171834
75%
93186
75%
9401880
75%
9571914
75%
107214
75%
1122
75%
190380
75%
210420
75%
216432
75%
299598
75%
314628
75%
384768
75%
404808
75%
4182
75%
433866
75%
437874
75%
441882
71%
5111022
67%
5151030
67%
5211042
67%
5401080
67%
5461092
67%
5551110
67%
5591118
67%
5601120
67%
5721144
67%
58116
67%
5911182
67%
6011202
67%
6071214
67%
6171234
67%
6231246
67%
6241248
67%
6341268
67%
64128
67%
6501300
67%
6541308
67%
6561312
67%
6581316
67%
6801360
67%
7001400
67%
7181436
67%
7251450
67%
7351470
67%
7361472
67%
7371474
67%
7401480
67%
7421484
67%
7431486
67%
7581516
67%
7931586
67%
8071614
67%
8111622
67%
8291658
67%
8321664
67%
8341668
67%
8361672
67%
8461692
67%
85170
67%
8591718
67%
8631726
67%
8731746
67%
91182
67%
9801960
67%
105210
67%
106212
67%
111222
67%
113226
67%
119238
67%
138276
67%
146292
67%
147294
67%
151302
67%
155310
67%
178356
67%
183366
67%
189378
67%
199398
67%
201402
67%
211422
67%
222444
67%
229458
67%
266532
67%
289578
67%
2958
67%
304608
67%
315630
67%
316632
67%
325650
67%
3366
67%
339678
67%
3468
67%
361722
67%
371742
67%
373746
67%
393786
67%
398796
67%
401802
67%
407814
67%
415830
67%
422844
67%
423846
67%
443886
67%
455910
67%
467934
67%
476952
67%
478956
67%
5171034
60%
5651130
60%
5951190
60%
6741348
60%
7551510
60%
8201640
60%
8901780
60%
141282
60%
203406
60%
209418
60%
254508
60%
312624
60%
348696
60%
3570
60%
410820
60%
452904
60%
181362
57%
5031006
50%
5041008
50%
5081016
50%
5131026
50%
5191038
50%
5251050
50%
5281056
50%
53106
50%
5301060
50%
54108
50%
5411082
50%
5421084
50%
5431086
50%
5491098
50%
5521104
50%
5621124
50%
5701140
50%
5741148
50%
5751150
50%
5761152
50%
59118
50%
5901180
50%
5921184
50%
6041208
50%
6191238
50%
63126
50%
6311262
50%
6371274
50%
6461292
50%
6481296
50%
6521304
50%
66132
50%
6621324
50%
6641328
50%
67134
50%
6701340
50%
6761352
50%
6821364
50%
6831366
50%
6901380
50%
6931386
50%
6951390
50%
7031406
50%
7091418
50%
7161432
50%
7171434
50%
7261452
50%
7281456
50%
7301460
50%
7441488
50%
7481496
50%
75150
50%
7571514
50%
7621524
50%
7701540
50%
7851570
50%
7911582
50%
80160
50%
8031606
50%
8041608
50%
8051610
50%
81162
50%
8101620
50%
8191638
50%
8221644
50%
8301660
50%
8311662
50%
8651730
50%
8781756
50%
8841768
50%
8871774
50%
8911782
50%
9041808
50%
9111822
50%
9151830
50%
9161832
50%
9201840
50%
9331866
50%
9351870
50%
9451890
50%
9501900
50%
9601920
50%
9621924
50%
9681936
50%
9691938
50%
97194
50%
9711942
50%
9731946
50%
9741948
50%
9751950
50%
9811962
50%
9821964
50%
9861972
50%
9881976
50%
9911982
50%
9921984
50%
104208
50%
108216
50%
115230
50%
135270
50%
137274
50%
142284
50%
149298
50%
152304
50%
165330
50%
168336
50%
176352
50%
177354
50%
186372
50%
196392
50%
198396
50%
206412
50%
235470
50%
237474
50%
240480
50%
241482
50%
243486
50%
249498
50%
251502
50%
253506
50%
257514
50%
258516
50%
2652
50%
264528
50%
269538
50%
2754
50%
270540
50%
272544
50%
275550
50%
276552
50%
277554
50%
278556
50%
280560
50%
281562
50%
294588
50%
295590
50%
296592
50%
311622
50%
3264
50%
330660
50%
333666
50%
334668
50%
335670
50%
337674
50%
340680
50%
347694
50%
349698
50%
352704
50%
356712
50%
358716
50%
362724
50%
369738
50%
374748
50%
375750
50%
376752
50%
383766
50%
395790
50%
400800
50%
408816
50%
411822
50%
416832
50%
425850
50%
446892
50%
451902
50%
458916
50%
4692
50%
460920
50%
462924
50%
465930
50%
466932
50%
473946
50%
474948
50%
475950
50%
482964
50%
485970
50%
486972
50%
496992
50%
7151430
40%
7651530
40%
8611722
40%
8831766
40%
9131826
40%
98196
40%
159318
40%
4386
40%
469938
40%
4896
40%
6421284
38%
5271054
33%
5581116
33%
5661132
33%
5671134
33%
5711142
33%
5731146
33%
5851170
33%
5871174
33%
5941188
33%
6161232
33%
6251250
33%
6451290
33%
6471294
33%
6531306
33%
6591318
33%
6601320
33%
6711342
33%
69138
33%
72144
33%
7221444
33%
7231446
33%
7291458
33%
7381476
33%
7541508
33%
78156
33%
7821564
33%
7831566
33%
8011602
33%
8171634
33%
8271654
33%
8351670
33%
8561712
33%
8601720
33%
8701740
33%
8811762
33%
8931786
33%
9011802
33%
9031806
33%
9091818
33%
9221844
33%
9241848
33%
9261852
33%
9291858
33%
9381876
33%
9431886
33%
9471894
33%
9631926
33%
9891978
33%
129258
33%
150300
33%
169338
33%
179358
33%
1836
33%
185370
33%
187374
33%
232464
33%
260520
33%
262524
33%
273546
33%
287574
33%
298596
33%
300600
33%
309618
33%
310620
33%
328656
33%
354708
33%
364728
33%
367734
33%
379758
33%
387774
33%
388776
33%
392784
33%
397794
33%
414828
33%
432864
33%
438876
33%
445890
33%
448896
33%
454908
33%
470940
33%
487974
33%
498996
33%
8791758
29%
5231046
25%
5811162
25%
6061212
25%
6361272
25%
7111422
25%
7531506
25%
7771554
25%
7781556
25%
7961592
25%
8211642
25%
8241648
25%
8251650
25%
8481696
25%
9121824
25%
9281856
25%
9481896
25%
9841968
25%
99198
25%
124248
25%
126252
25%
132264
25%
163326
25%
173346
25%
318636
25%
319638
25%
327654
25%
380760
25%
396792
25%
413826
25%
5891178
20%
7411482
20%
7731546
20%
7741548
20%
8821764
20%
9831966
20%
9851970
20%
344688
20%
457914
20%
471942
20%
6031206
17%
9411882
17%
9231846
14%
5001000
0%
5011002
0%
5021004
0%
5061012
0%
5071014
0%
5091018
0%
51102
0%
5121024
0%
5141028
0%
5161032
0%
5181036
0%
5291058
0%
5311062
0%
5321064
0%
5341068
0%
5351070
0%
5361072
0%
5371074
0%
5381076
0%
5441088
0%
5451090
0%
5471094
0%
5481096
0%
5531106
0%
5541108
0%
56112
0%
5681136
0%
5691138
0%
5781156
0%
5791158
0%
5801160
0%
5831166
0%
5841168
0%
5861172
0%
5881176
0%
5931186
0%
5971194
0%
5981196
0%
5991198
0%
6081216
0%
6111222
0%
6131226
0%
6151230
0%
6181236
0%
62124
0%
6211242
0%
6261252
0%
6281256
0%
6291258
0%
6301260
0%
6331266
0%
6351270
0%
6381276
0%
6441288
0%
6491298
0%
6511302
0%
6571314
0%
6651330
0%
6661332
0%
6671334
0%
6681336
0%
6721344
0%
6731346
0%
6751350
0%
6771354
0%
6791358
0%
68136
0%
6811362
0%
6841368
0%
6851370
0%
6871374
0%
6881376
0%
6891378
0%
6911382
0%
6971394
0%
6981396
0%
7041408
0%
7051410
0%
7061412
0%
7121424
0%
7131426
0%
7191438
0%
7241448
0%
7271454
0%
73146
0%
7321464
0%
7331466
0%
7341468
0%
7391478
0%
74148
0%
7451490
0%
7461492
0%
7471494
0%
7491498
0%
7501500
0%
7561512
0%
7591518
0%
7631526
0%
7641528
0%
7661532
0%
7671534
0%
7681536
0%
7691538
0%
7711542
0%
7721544
0%
7751550
0%
7761552
0%
7791558
0%
7801560
0%
7811562
0%
7841568
0%
7871574
0%
7881576
0%
7891578
0%
79158
0%
7901580
0%
7921584
0%
7941588
0%
7951590
0%
8091618
0%
8141628
0%
8161632
0%
8181636
0%
82164
0%
83166
0%
8331666
0%
8371674
0%
8391678
0%
8411682
0%
8421684
0%
8431686
0%
8441688
0%
8451690
0%
8471694
0%
8531706
0%
8541708
0%
8551710
0%
8571714
0%
8581716
0%
8621724
0%
8641728
0%
8661732
0%
8671734
0%
8691738
0%
8721744
0%
8761752
0%
8861772
0%
8891778
0%
8941788
0%
8951790
0%
8961792
0%
8971794
0%
8981796
0%
8991798
0%
9081816
0%
9141828
0%
9181836
0%
9191838
0%
92184
0%
9211842
0%
9271854
0%
9301860
0%
9311862
0%
9321864
0%
9341868
0%
9361872
0%
9371874
0%
9391878
0%
9421884
0%
9461892
0%
9491898
0%
9511902
0%
9521904
0%
9531906
0%
9541908
0%
9551910
0%
9561912
0%
9581916
0%
9591918
0%
96192
0%
9611922
0%
9641928
0%
9651930
0%
9661932
0%
9671934
0%
9701940
0%
9761952
0%
9771954
0%
9781956
0%
9791958
0%
9871974
0%
9901980
0%
9931986
0%
9941988
0%
101202
0%
109218
0%
123246
0%
125250
0%
131262
0%
136272
0%
144288
0%
145290
0%
153306
0%
158316
0%
1632
0%
167334
0%
171342
0%
172344
0%
175350
0%
184368
0%
193386
0%
194388
0%
195390
0%
2040
0%
208416
0%
212424
0%
213426
0%
226452
0%
228456
0%
233466
0%
236472
0%
238476
0%
239478
0%
242484
0%
245490
0%
246492
0%
247494
0%
2550
0%
255510
0%
256512
0%
263526
0%
268536
0%
279558
0%
283566
0%
284568
0%
286572
0%
288576
0%
290580
0%
291582
0%
293586
0%
297594
0%
303606
0%
308616
0%
3162
0%
317634
0%
322644
0%
323646
0%
324648
0%
326652
0%
338676
0%
343686
0%
345690
0%
346692
0%
355710
0%
360720
0%
363726
0%
368736
0%
370740
0%
372744
0%
377754
0%
378756
0%
381762
0%
382764
0%
385770
0%
386772
0%
3978
0%
390780
0%
391782
0%
394788
0%
399798
0%
406812
0%
409818
0%
417834
0%
418836
0%
419838
0%
420840
0%
426852
0%
428856
0%
431862
0%
436872
0%
439878
0%
440880
0%
449898
0%
450900
0%
459918
0%
463926
0%
4794
0%
477954
0%
479958
0%
480960
0%
481962
0%
484968
0%
488976
0%
4998
0%
492984
0%
493986
0%
494988
0%
497994
0%
499998
0%

Score Distribution

Percentile by Number Answered

Percent of People with Each Score

Your Score History

You have not taken this quiz